| 000 | 01238nkm a2200277 i 4500 | ||
|---|---|---|---|
| 001 | 3713 | ||
| 003 | ES-MaACL | ||
| 005 | 20250713062807.0 | ||
| 007 | khrbo | ||
| 008 | 070605s1986 sp --- g |001||spa d | ||
| 100 | 0 |
_aAlfonso, _d1902-1990 _919858 |
|
| 245 | 1 | 4 |
_aLas enfermedades genéticas en el hombre [ _hFotografía] / _cAlfonso (sello). |
| 260 |
_a[S.l. : _bs.n.], _c1986. |
||
| 300 |
_a7 fot. : _bb. y n. ; _c12 x 18 cm. |
||
| 500 | _aDatos basados en invitación. | ||
| 511 | 0 | _aInterviene: Prof. Abrisqueta. | |
| 518 | _aActo organizado por la Sección de Ciencias del Ateneo de Madrid en colaboración con el Consejo Superior de Investigaciones Científicas, celebrado en el salón de actos el viernes, 14 de febrero de 1986, a las 20:00 h. | ||
| 600 | 1 | 4 |
_aAbrisqueta, José Antonio, _918176 |
| 610 | 2 | 4 |
_aAteneo de Madrid- _xActos culturales- _y1986- _vFotografías. _91901 |
| 650 | 1 | 4 |
_aGenética médica. _913062 |
| 710 | 2 |
_aAteneo de Madrid. _bSección de Ciencias. _91972 |
|
| 710 | 2 |
_aConsejo Superior de Investigaciones Científicas (España) _93236 |
|
| 852 |
_aES-MaACL _jFOT 35/1986 |
||
| 856 | 4 |
_uhttp://www.ateneodemadrid.net/biblioteca_digital/imagenes/1986/0035-1986.jpg _zVer imagen |
|
| 999 |
_c3713 _d3713 |
||